00726 a2200229 4500001000700000003000400007005001700011008004100028020001900069082001700088100002400105245008600129260003300215300001000248630001600258630002600274630001900300700002300319942001200342999001700354952012500371138845OSt20210923123200.0  a97881837762731 a307.14bS64S1 aSingh, Krishan Kant1 aSocial wok and community developmentcby Krishan Kant Singh and Ram Shankar Singh aJaipurbABD Publishersc2011 a304p. aSocial Work aCommunity development aSocial service aSingh, Ram Shankar 2ddccBK c11581d11581 00102ddc40708TXBaCURAJbCURAJd2014-03-12eSCWg0.00l4o307.14 S64Sp14514r2026-03-09s2026-03-05w2020-09-02yBK